| 000 | 00640nam a2200205Ia 4500 | ||
|---|---|---|---|
| 001 | 60747 | ||
| 008 | 160923n ii |||gr||||Z||||||465 | ||
| 020 | _a978-93-325-5869-4 | ||
| 041 | _a465 | ||
| 082 | _a001.2 | ||
| 100 | _aThorpe , Edgar & Thorpe,Showick . | ||
| 245 | 0 |
_aGeneral Studies : _bFor Civil Services Prelimary Examination / _cBy Edgar Thorpe & Showick Thorpe . _hTextual Documents |
|
| 250 | _aFirst--2016. | ||
| 260 |
_aDelhi _bPearson Education |
||
| 300 |
_a2.496pg: _bGlossary; _c30cm. |
||
| 653 | _aGeneral Studies | ||
| 653 | _aCurrent Affairs--2016 | ||
| 856 | _uIndian Polity and Economy Vol--11 | ||
| 942 |
_2ddc _cBK |
||
| 999 |
_c61873 _d61873 |
||